[Event "Ct. Catalunya Absolut Final"]
[Site "Barcelona"]
[Date "2014.05.09"]
[Round "4.1"]
[White "Asis Gargatagli, H."]
[Black "Vila Gazquez, X."]
[Result "0-1"]
[WhiteElo "2460"]
[BlackElo "2471"]
[PlyCount "70"]
[EventDate "2014.05.03"]
[EventType "k.o."]
[EventRounds "4"]
[EventCountry "ESP"]
[Source "Chessbase"]
[SourceDate "2014.05.17"]

1. e4 c5 2. Nf3 e6 3. d3 Nc6 4. g3 g6 5. Bg5 f6 6. Bd2 Nge7 7. Bg2 Bg7 8. O-O
d5 9. exd5 exd5 10. Re1 O-O 11. Nc3 Bg4 12. h3 Bd7 13. a3 Rc8 14. b4 b6 15. Qb1
Be8 16. h4 Bf7 17. Ne2 Ne5 18. d4 Nc4 19. Bc3 cxb4 20. axb4 Qd7 21. Nf4 Bh6 22.
Bh3 Nf5 23. Nd3 Be6 24. Qa2 Rc7 25. Qa4 Qxa4 26. Rxa4 Bd7 27. Ra2 Nxh4 28. Nxh4
Bxh3 29. b5 Kf7 30. Nb4 Be6 31. Rea1 Ra8 32. Na6 Rb7 33. Bb4 Bd7 34. Be1 Bxb5
35. Nb4 Rd7 0-1

[Event "Ct. Catalunya Absolut Final"]
[Site "Barcelona"]
[Date "2014.05.10"]
[Round "4.2"]
[White "Narciso Dublan, M."]
[Black "Alonso Rosell, A."]
[Result "1-0"]
[WhiteElo "2533"]
[BlackElo "2531"]
[PlyCount "63"]
[EventDate "2014.05.03"]
[EventType "k.o."]
[EventRounds "4"]
[EventCountry "ESP"]
[Source "Chessbase"]
[SourceDate "2014.05.17"]

1. e4 c6 2. c4 d5 3. cxd5 cxd5 4. exd5 Nf6 5. Bb5+ Nbd7 6. Nf3 Nxd5 7. Nc3 Nxc3
8. dxc3 a6 9. Qa4 Qb6 10. Be2 e6 11. O-O Be7 12. Rd1 Qc6 13. Qxc6 bxc6 14. Be3
Rb8 15. Rd2 e5 16. Bd1 f6 17. Ba4 Bb7 18. Rad1 Nf8 19. Ne1 Ba8 20. Nd3 Ne6 21.
f4 exf4 22. Nxf4 Nxf4 23. Bxf4 Rd8 24. Rxd8+ Bxd8 25. Kf1 Be7 26. Bb3 Bb7 27.
Be3 c5 28. Ba4+ Kf7 29. Rd7 Bc8 30. Rc7 Ke6 31. Bb3+ Kd6 32. Bf4# 1-0

[Event "Ct. Catalunya Absolut Final"]
[Site "Barcelona"]
[Date "2014.05.10"]
[Round "4.2"]
[White "Vila Gazquez, X."]
[Black "Asis Gargatagli, H."]
[Result "0-1"]
[WhiteElo "2471"]
[BlackElo "2460"]
[PlyCount "88"]
[EventDate "2014.05.03"]
[EventType "k.o."]
[EventRounds "4"]
[EventCountry "ESP"]
[Source "Chessbase"]
[SourceDate "2014.05.17"]

1. Nf3 Nf6 2. g3 b6 3. Bg2 Bb7 4. O-O c5 5. c4 e6 6. d4 cxd4 7. Nxd4 Bxg2 8.
Kxg2 Qc8 9. b3 h5 10. h4 a6 11. Kg1 Ng4 12. Nf3 Nc6 13. Ba3 Bxa3 14. Nxa3 Qc7
15. Qd2 Rh6 16. Rad1 Ke7 17. Nc2 Rg6 18. Ncd4 Nd8 19. e4 f6 20. Rfe1 Ne5 21.
Qb4+ Qc5 22. Qc3 Ndf7 23. Nxe5 fxe5 24. Nc2 Rf6 25. Qd2 d6 26. Ne3 Rg8 27. b4
Qc7 28. c5 dxc5 29. bxc5 bxc5 30. Ng2 g5 31. Re2 gxh4 32. Nxh4 Rf4 33. Kh2 Rfg4
34. Qc3 Ng5 35. Rde1 Qd6 36. Qc2 Rxh4+ 37. gxh4 Nf3+ 38. Kh3 Nxe1 39. Rxe1 Rd8
40. Re3 Qd4 41. Rc3 Rf8 42. Rxc5 Rxf2 43. Qc3 Qxe4 44. Rc7+ Kf6 0-1

[Event "Ct. Catalunya Absolut Final"]
[Site "Barcelona"]
[Date "2014.05.10"]
[Round "4.3"]
[White "Alonso Rosell, A."]
[Black "Narciso Dublan, M."]
[Result "1-0"]
[WhiteElo "2531"]
[BlackElo "2533"]
[PlyCount "117"]
[EventDate "2014.05.03"]
[EventType "k.o."]
[EventRounds "4"]
[EventCountry "ESP"]
[Source "Chessbase"]
[SourceDate "2014.05.17"]

1. d4 d5 2. c4 e6 3. Nf3 Nf6 4. g3 Be7 5. Bg2 O-O 6. O-O c5 7. cxd5 exd5 8. Nc3
Nc6 9. Bf4 Be6 10. dxc5 Bxc5 11. Rc1 Bb6 12. Na4 Ne4 13. Ne5 Rc8 14. Nxb6 Qxb6
15. Nd3 Rfe8 16. Be3 d4 17. Bf4 Bxa2 18. Qa4 Bd5 19. Qa3 Nf6 20. Rc2 Bxg2 21.
Kxg2 Nd5 22. Rfc1 Nxf4+ 23. Nxf4 Rcd8 24. Rc5 Rd7 25. R1c2 h6 26. h4 a6 27. Qf3
d3 28. exd3 Nd4 29. Qg4 f5 30. Qh5 g6 31. Nxg6 Nxc2 32. Rxc2 Qf6 33. Nf4 Red8
34. Re2 Rd6 35. d4 Qf7 36. Qf3 Re8 37. d5 Rxe2 38. Qxe2 Rxd5 39. Nxd5 Qxd5+ 40.
Kh2 Kf7 41. Qe3 Qe6 42. Qf4 Kg6 43. b4 b6 44. Qc7 Qf6 45. Qc8 a5 46. bxa5 bxa5
47. Qg8+ Qg7 48. h5+ Kf6 49. Qd8+ Qe7 50. Qxa5 Qe2 51. Qb6+ Ke5 52. Qxh6 Qxf2+
53. Kh3 Qf1+ 54. Kh4 Qh1+ 55. Kg5 Qc1+ 56. Kg6 Qc6+ 57. Kh7 Qg2 58. Qg6 Ke4 59.
Qe8+ 1-0

[Event "Ct. Catalunya Absolut Final"]
[Site "Barcelona"]
[Date "2014.05.10"]
[Round "4.3"]
[White "Asis Gargatagli, H."]
[Black "Vila Gazquez, X."]
[Result "1-0"]
[WhiteElo "2460"]
[BlackElo "2471"]
[PlyCount "49"]
[EventDate "2014.05.03"]
[EventType "k.o."]
[EventRounds "4"]
[EventCountry "ESP"]
[Source "Chessbase"]
[SourceDate "2014.05.17"]

1. e4 c5 2. Nf3 e6 3. Nc3 Nc6 4. d4 cxd4 5. Nxd4 Qc7 6. f4 a6 7. Nxc6 Qxc6 8.
Bd3 b5 9. Qe2 Bb7 10. Bd2 Bc5 11. O-O-O Ne7 12. Qh5 b4 13. Na4 d6 14. b3 O-O
15. Rhf1 g6 16. Qh4 f6 17. f5 exf5 18. exf5 Nxf5 19. Rxf5 gxf5 20. Bxf5 Rf7 21.
Be6 Qe8 22. Qxf6 Bc8 23. Bc4 Raa7 24. Nxc5 dxc5 25. Bh6 1-0

[Event "Ct. Catalunya Absolut Final"]
[Site "Barcelona"]
[Date "2014.05.10"]
[Round "4.4"]
[White "Narciso Dublan, M."]
[Black "Alonso Rosell, A."]
[Result "1/2-1/2"]
[WhiteElo "2533"]
[BlackElo "2531"]
[PlyCount "107"]
[EventDate "2014.05.03"]
[EventType "k.o."]
[EventRounds "4"]
[EventCountry "ESP"]
[Source "Chessbase"]
[SourceDate "2014.05.17"]

1. e4 c6 2. c4 d5 3. cxd5 cxd5 4. exd5 Nf6 5. Bb5+ Nbd7 6. Nf3 Nxd5 7. Nc3 Nc7
8. Bc4 Nb6 9. Bb3 g6 10. O-O Bg7 11. d4 O-O 12. Re1 Ncd5 13. Ne5 Be6 14. Ne4
Nc7 15. Nc5 Bxb3 16. axb3 Qd5 17. Be3 Rfd8 18. Qf3 Bxe5 19. dxe5 Qxf3 20. gxf3
Nbd5 21. Nxb7 Rdb8 22. Na5 Rb5 23. Bd2 Ne6 24. Re4 Nc5 25. Rd4 Ne6 26. Rc4 Nb6
27. Rb4 Rxb4 28. Bxb4 Nd5 29. Bc3 Rb8 30. Rd1 Rb5 31. Be1 Nef4 32. Kf1 Kg7 33.
Rd4 Ne6 34. Ra4 Nc5 35. Ra3 a6 36. Bd2 h6 37. h4 Nb4 38. Kg2 Nc2 39. Ra2 Nd4
40. b4 Nd3 41. Nc4 Nxb4 42. Ra4 Nbc6 43. Ra2 Kf8 44. Ra4 e6 45. Bc3 Ke8 46. Kg3
Rc5 47. f4 a5 48. Ne3 Ne2+ 49. Kg4 Nxc3 50. bxc3 Rxc3 51. Nc4 Ke7 52. Nxa5 Nxa5
53. Rxa5 Rc4 54. f3 1/2-1/2

[Event "Ct. Catalunya Absolut Final"]
[Site "Barcelona"]
[Date "2014.05.10"]
[Round "4.4"]
[White "Vila Gazquez, X."]
[Black "Asis Gargatagli, H."]
[Result "1-0"]
[WhiteElo "2471"]
[BlackElo "2460"]
[PlyCount "176"]
[EventDate "2014.05.03"]
[EventType "k.o."]
[EventRounds "4"]
[EventCountry "ESP"]
[Source "Chessbase"]
[SourceDate "2014.05.17"]

1. Nf3 Nf6 2. d4 g6 3. g3 Bg7 4. Bg2 d5 5. O-O O-O 6. c4 dxc4 7. Na3 c3 8. bxc3
c5 9. Ne5 Nc6 10. Nxc6 bxc6 11. Qa4 cxd4 12. cxd4 Bd7 13. Qc2 Bf5 14. e4 Bxe4
15. Bxe4 Qxd4 16. Bd3 Nd5 17. Rb1 Nb4 18. Rxb4 Qxb4 19. Nc4 Rfe8 20. Ba3 Qb7
21. Be4 Qa6 22. Bc5 Rad8 23. Ne3 Rd7 24. Bf3 Red8 25. a3 Rd2 26. Qe4 e6 27. Bb4
Ra2 28. Rc1 Ra1 29. Rxa1 Bxa1 30. Qf4 Bg7 31. Ng4 c5 32. Bxc5 Rc8 33. Bb4 Qd3
34. Kg2 f5 35. Nh6+ Kh8 36. Bb7 Re8 37. Nf7+ Kg8 38. Qc7 e5 39. Nd6 Rf8 40. Qc5
Kh8 41. Qd5 e4 42. Qxd3 exd3 43. Bd5 h6 44. Bc4 Rb8 45. Bxd3 Kh7 46. Nc4 Rd8
47. Be2 Re8 48. Kf1 Rc8 49. Na5 Bd4 50. Nc4 Kg7 51. Kg2 Re8 52. Bf3 Rc8 53. Be2
Re8 54. Kf1 Rc8 55. Bd3 Rd8 56. Ke2 h5 57. Bd2 a6 58. Be3 Bf6 59. a4 Rb8 60.
Bb6 Re8+ 61. Kf3 Re1 62. a5 Ra1 63. Nd6 Ra3 64. Ke2 Bc3 65. Nb7 Ra2+ 66. Kf1
Rb2 67. Nc5 Ra2 68. Nb3 Ra3 69. Bc4 g5 70. Ke2 h4 71. Kd3 Be1 72. Ke2 Bb4 73.
gxh4 gxh4 74. h3 Kg6 75. Kd3 Kg5 76. Bc7 Ra2 77. f3 Rf2 78. Nd4 Rd2+ 79. Ke3
Rb2 80. Bxa6 Bc5 81. Kd3 Rf2 82. Kc4 Bxd4 83. f4+ Kg6 84. Kxd4 Rh2 85. Bb7 Rxh3
86. a6 Ra3 87. Bb6 Kh5 88. a7 Kg4 1-0

[Event "Ct. Catalunya Absolut Final"]
[Site "Barcelona"]
[Date "2014.05.10"]
[Round "4.5"]
[White "Vila Gazquez, X."]
[Black "Asis Gargatagli, H."]
[Result "0-1"]
[WhiteElo "2471"]
[BlackElo "2460"]
[PlyCount "105"]
[EventDate "2014.05.03"]
[EventType "k.o."]
[EventRounds "4"]
[EventCountry "ESP"]
[Source "Chessbase"]
[SourceDate "2014.05.17"]

1. Nf3 Nf6 2. g3 g6 3. Bg2 Bg7 4. O-O c5 5. c4 Nc6 6. Nc3 O-O 7. d4 cxd4 8.
Nxd4 Qa5 9. Nb3 Qh5 10. Nd5 d6 11. Nf4 Qe5 12. Nd2 Qa5 13. Nf3 Bf5 14. Bd2 Qc5
15. Rc1 Ne4 16. Be3 Qa5 17. Qb3 Nc5 18. Qb5 Qxa2 19. Bxc5 dxc5 20. Qxb7 Rac8
21. Nh4 Nd4 22. e3 Nb3 23. Nxf5 gxf5 24. Rc2 e6 25. Nh5 Na5 26. Qe7 h6 27. Qh4
Qb3 28. Rfc1 Rcd8 29. g4 f4 30. exf4 Rd1+ 31. Rxd1 Qxc2 32. Rf1 Nxc4 33. f5
exf5 34. gxf5 Ne5 35. Qg3 Ng6 36. fxg6 fxg6 37. Nf4 g5 38. Nh5 Qxb2 39. Nxg7
Qxg7 40. Qa3 Qd4 41. Qa2+ Kg7 42. Qe2 h5 43. Qe4 Qf6 44. Qe3 Qf5 45. Re1 c4 46.
Qe5+ Qxe5 47. Rxe5 Rf7 48. Re2 Rc7 49. Rc2 c3 50. Kf1 Kf6 51. Ke2 Ke5 52. Ra2
Kd4 53. Rc2 0-1

[Event "Ct. Catalunya Absolut Final"]
[Site "Barcelona"]
[Date "2014.05.10"]
[Round "4.6"]
[White "Asis Gargatagli, H."]
[Black "Vila Gazquez, X."]
[Result "1-0"]
[WhiteElo "2460"]
[BlackElo "2471"]
[PlyCount "61"]
[EventDate "2014.05.03"]
[EventType "k.o."]
[EventRounds "4"]
[EventCountry "ESP"]
[Source "Chessbase"]
[SourceDate "2014.05.17"]

1. e4 c5 2. Nf3 Nc6 3. d4 cxd4 4. Nxd4 e6 5. Nc3 Qc7 6. f4 a6 7. Nxc6 bxc6 8.
Bd3 d5 9. O-O Bb7 10. Kh1 d4 11. Nb1 c5 12. Nd2 Nf6 13. Qf3 Be7 14. b3 h5 15.
Nc4 Ng4 16. Qg3 O-O-O 17. Bd2 Rdg8 18. Ba5 Qc6 19. Ne5 Nxe5 20. fxe5 f6 21. h3
h4 22. Qg6 Qe8 23. Qg4 Kd7 24. Bc4 Qf7 25. Bd5 Bc6 26. c3 dxc3 27. Rad1 Bxd5
28. exd5 Kc8 29. dxe6 Qe8 30. Rd7 Rh5 31. Qe4 1-0

[Event "Ct. Catalunya Veterans"]
[Site "Barcelona"]
[Date "2014.05.17"]
[Round "1"]
[White "Anguera Maestro, J."]
[Black "Valarezzo Ricard, P."]
[Result "1-0"]
[WhiteElo "2263"]
[BlackElo "2004"]
[PlyCount "89"]
[EventDate "2014.05.17"]
[EventType "swiss"]
[EventRounds "9"]
[EventCountry "ESP"]
[Source "Chessbase"]
[SourceDate "2014.06.06"]

1. d4 Nf6 2. Nf3 d5 3. e3 Bf5 4. c4 e6 5. Nc3 c6 6. Be2 h6 7. Ne5 Nbd7 8. f4
Ne4 9. Nxe4 Bxe4 10. O-O Nf6 11. cxd5 exd5 12. Bf3 Bd6 13. Bd2 O-O 14. Be1 Bxf3
15. gxf3 Nd7 16. Kh1 Be7 17. Rg1 Nxe5 18. fxe5 Bh4 19. Qe2 Bxe1 20. Raxe1 f6
21. f4 Qe7 22. Rg6 fxe5 23. dxe5 Qb4 24. Reg1 Qe4+ 25. Qg2 Qxg2+ 26. R1xg2 Rf7
27. e6 Re7 28. Rxh6 Rf8 29. Kg1 d4 30. Kf2 c5 31. Ke2 c4 32. exd4 Rxf4 33. Ke3
Rf1 34. d5 Rd1 35. Ke4 b5 36. Ke5 Rc7 37. Kd6 Rb7 38. Rh5 b4 39. Kc6 b3 40.
axb3 Rxb3 41. e7 Re1 42. d6 Rb6+ 43. Kc7 Re6 44. Rhg5 Rbxd6 45. e8=Q+ 1-0

[Event "Ct. Catalunya Veterans"]
[Site "Barcelona"]
[Date "2014.05.17"]
[Round "1"]
[White "Bautista Sanchez, J."]
[Black "Jimenez Muñoz, J."]
[Result "1-0"]
[WhiteElo "2292"]
[BlackElo "2041"]
[PlyCount "73"]
[EventDate "2014.05.17"]
[EventType "swiss"]
[EventRounds "9"]
[EventCountry "ESP"]
[Source "Chessbase"]
[SourceDate "2014.06.06"]

1. Nf3 Nf6 2. c4 e6 3. Nc3 c5 4. g3 Be7 5. Bg2 Nc6 6. d4 cxd4 7. Nxd4 a6 8. Nc2
O-O 9. O-O d6 10. b3 Qa5 11. Bd2 Qc7 12. e4 Rd8 13. Re1 Rb8 14. Qe2 b6 15. Be3
Bb7 16. Nd4 Ne5 17. h3 Rd7 18. Red1 Qd8 19. f4 Ng6 20. Qf2 Ba8 21. Rd2 d5 22.
e5 Ne4 23. Nxe4 dxe4 24. Nc2 Rxd2 25. Qxd2 Qc7 26. Qf2 Nf8 27. Bd4 Nd7 28. Qe3
Qc6 29. Kh2 Bc5 30. Re1 f5 31. exf6 Nxf6 32. Qc3 Bxd4 33. Qxd4 Kf7 34. Rd1 a5
35. Qe5 Nd7 36. Rxd7+ Qxd7 37. Qxb8 1-0

[Event "Ct. Catalunya Veterans"]
[Site "Barcelona"]
[Date "2014.05.17"]
[Round "1"]
[White "Capelles Prat, R."]
[Black "Buxade Roca, G."]
[Result "0-1"]
[WhiteElo "2000"]
[BlackElo "2231"]
[PlyCount "74"]
[EventDate "2014.05.17"]
[EventType "swiss"]
[EventRounds "9"]
[EventCountry "ESP"]
[Source "Chessbase"]
[SourceDate "2014.06.06"]

1. d4 d5 2. c4 e6 3. Nc3 Nf6 4. Nf3 Nbd7 5. Bg5 Bb4 6. e3 h6 7. Bxf6 Qxf6 8. a3
Bxc3+ 9. bxc3 b6 10. cxd5 exd5 11. Bb5 c6 12. Bd3 O-O 13. O-O Bb7 14. Rb1 Rfe8
15. Re1 Re7 16. Qc2 c5 17. Bf5 Rc8 18. Ne5 Bc6 19. Bxd7 Bxd7 20. Nxd7 Rxd7 21.
Qd2 Rdc7 22. Rec1 Qc6 23. Rd1 Qa4 24. Qa2 cxd4 25. Rxd4 Rxc3 26. g3 Qxa3 27.
Qxd5 Rc1+ 28. Rxc1 Qxc1+ 29. Rd1 Qc7 30. Qb5 Qb7 31. Qb2 b5 32. Rd4 a5 33. e4
b4 34. f3 b3 35. Rd2 a4 36. Kg2 Qb4 37. Kh3 a3 0-1

[Event "Ct. Catalunya Veterans"]
[Site "Barcelona"]
[Date "2014.05.17"]
[Round "1"]
[White "Fabre Massana, M."]
[Black "Palle Frowd, C."]
[Result "1-0"]
[WhiteElo "2227"]
[BlackElo "1987"]
[PlyCount "123"]
[EventDate "2014.05.17"]
[EventType "swiss"]
[EventRounds "9"]
[EventCountry "ESP"]
[Source "Chessbase"]
[SourceDate "2014.06.06"]

1. e4 c5 2. Nf3 d6 3. c3 g6 4. d4 cxd4 5. cxd4 Bg7 6. Nc3 Nf6 7. Be2 O-O 8. O-O
a6 9. h3 b5 10. a3 Bb7 11. Qd3 Nc6 12. Be3 Rc8 13. b4 Nd7 14. Rac1 Nb6 15. Nd2
Nd7 16. f4 e5 17. Nf3 Ne7 18. Rfd1 exf4 19. Bxf4 Nb6 20. Nd2 d5 21. exd5 Nexd5
22. Nxd5 Qxd5 23. Nf3 Rc4 24. Qe3 Rcc8 25. Rc5 Qd8 26. Qd2 Re8 27. Ne5 f6 28.
Nf3 Nd5 29. Bf1 Nxf4 30. Qxf4 Qd7 31. Rdc1 Bxf3 32. gxf3 f5 33. d5 Be5 34. Qd2
Rcd8 35. Rc6 Qa7+ 36. Kg2 Qb8 37. R1c2 Bf4 38. Qd3 Qe5 39. Re2 Be3 40. d6 f4
41. Kh1 Qe6 42. Rxa6 Rd7 43. Qxb5 Red8 44. Re1 Kf8 45. Rd1 Qa2 46. Qe2 Qe6 47.
Qb2 Qg8 48. Qf6+ Qf7 49. Qh8+ Qg8 50. Qxg8+ Kxg8 51. Bb5 Ra7 52. a4 Kg7 53.
Rxa7+ Bxa7 54. a5 Bb8 55. d7 Kf6 56. Bc6 Bc7 57. Ra1 Ke7 58. b5 Kd6 59. Rd1+
Kc5 60. Rc1+ Kb4 61. b6 Bb8 62. a6 1-0

[Event "Ct. Catalunya Veterans"]
[Site "Barcelona"]
[Date "2014.05.17"]
[Round "1"]
[White "Franquet Escriva, J."]
[Black "Altafulla Sanz, A."]
[Result "1/2-1/2"]
[WhiteElo "2193"]
[BlackElo "1952"]
[PlyCount "69"]
[EventDate "2014.05.17"]
[EventType "swiss"]
[EventRounds "9"]
[EventCountry "ESP"]
[Source "Chessbase"]
[SourceDate "2014.06.06"]

1. e4 e6 2. d4 d5 3. Nd2 f5 4. exd5 exd5 5. Ngf3 Nf6 6. Be2 Bd6 7. O-O O-O 8.
c4 Nbd7 9. Re1 c6 10. Nf1 Bb4 11. Bd2 Bxd2 12. Qxd2 Ne4 13. Qc2 Ndf6 14. Ne5
Qb6 15. c5 Qc7 16. Bd3 Nd7 17. Nxd7 Bxd7 18. Qc1 g6 19. f3 Nf6 20. Qg5 Kf7 21.
b4 Rae8 22. a4 Rxe1 23. Rxe1 Re8 24. Rb1 Re7 25. Qd2 a6 26. Ng3 Qb8 27. b5 axb5
28. axb5 Qe8 29. Kf2 Qh8 30. bxc6 bxc6 31. Re1 Rxe1 32. Qxe1 Qb8 33. Nf1 Qb2+
34. Qe2 Qxd4+ 35. Qe3 1/2-1/2

[Event "Ct. Catalunya Veterans"]
[Site "Barcelona"]
[Date "2014.05.17"]
[Round "1"]
[White "Lazaro Porta, A."]
[Black "Simon Padros, E."]
[Result "0-1"]
[WhiteElo "2044"]
[BlackElo "2307"]
[PlyCount "46"]
[EventDate "2014.05.17"]
[EventType "swiss"]
[EventRounds "9"]
[EventCountry "ESP"]
[Source "Chessbase"]
[SourceDate "2014.06.06"]

1. Nf3 e6 2. g3 f5 3. c4 Nf6 4. Nc3 d5 5. d4 c6 6. Bg2 Bd6 7. O-O O-O 8. b3
Nbd7 9. Bf4 Bxf4 10. gxf4 Ne4 11. Qe1 b6 12. cxd5 cxd5 13. a4 Bb7 14. Ne5 Nxe5
15. fxe5 Rc8 16. Rc1 Qe7 17. f3 Nxc3 18. Rxc3 Ba6 19. Qd2 Rxc3 20. Qxc3 Bxe2
21. Rc1 h6 22. Kf2 Ba6 23. Qc7 Qh4+ 0-1

[Event "Ct. Catalunya Veterans"]
[Site "Barcelona"]
[Date "2014.05.17"]
[Round "1"]
[White "Marimon Torrens, J."]
[Black "Coll Enriquez, L."]
[Result "0-1"]
[WhiteElo "2030"]
[BlackElo "2288"]
[PlyCount "72"]
[EventDate "2014.05.17"]
[EventType "swiss"]
[EventRounds "9"]
[EventCountry "ESP"]
[Source "Chessbase"]
[SourceDate "2014.06.06"]

1. e4 e5 2. Nf3 d6 3. d4 Nd7 4. Bc4 c6 5. O-O Be7 6. Nc3 Ngf6 7. dxe5 dxe5 8.
h3 O-O 9. Be3 b5 10. Bd3 Qc7 11. Ne2 Nc5 12. Bxc5 Bxc5 13. Ng3 Be6 14. Qe2 Rfe8
15. c3 a5 16. Ng5 Bc8 17. a4 h6 18. Nf3 bxa4 19. Bc4 a3 20. bxa3 a4 21. Nh4 Kh7
22. Nhf5 g6 23. Ne3 h5 24. Qf3 Kg7 25. Nc2 Nh7 26. Rfd1 Ng5 27. Qd3 Ne6 28. Qf3
Ng5 29. Qd3 Qe7 30. Nb4 Qf6 31. Qe2 Bxh3 32. gxh3 Nxh3+ 33. Kf1 Nxf2 34. Nxh5+
gxh5 35. Rd7 Re7 36. Rxe7 Bxe7 0-1

[Event "Ct. Catalunya Veterans"]
[Site "Barcelona"]
[Date "2014.05.17"]
[Round "1"]
[White "Mas Recorda, P."]
[Black "Orti Boix, ML."]
[Result "1-0"]
[WhiteElo "2201"]
[BlackElo "1981"]
[PlyCount "103"]
[EventDate "2014.05.17"]
[EventType "swiss"]
[EventRounds "9"]
[EventCountry "ESP"]
[Source "Chessbase"]
[SourceDate "2014.06.06"]

1. d4 Nf6 2. c4 e5 3. dxe5 Ng4 4. Bf4 Nc6 5. Nf3 Bb4+ 6. Nc3 Qe7 7. Qd5 Qc5 8.
Qxc5 Bxc5 9. e3 h5 10. a3 a6 11. h3 Nh6 12. b4 Be7 13. Nd5 Bd8 14. Be2 Nf5 15.
Rc1 Nce7 16. e4 c6 17. exf5 cxd5 18. cxd5 Nxd5 19. Bh2 b5 20. O-O Bb7 21. Rfd1
Rh6 22. Rc5 Nb6 23. Nd4 Na4 24. Rc2 Nb6 25. Bf4 g5 26. fxg6 Rxg6 27. Bf3 Bxf3
28. Nxf3 Nc4 29. Rd3 Rc8 30. Nd4 Bb6 31. Nf5 Rcc6 32. Re2 Rce6 33. Kf1 f6 34.
exf6 Rxe2 35. Kxe2 Rxf6 36. g4 hxg4 37. hxg4 Re6+ 38. Ne3 Nb2 39. Rd6 Bxe3 40.
Rxe6+ dxe6 41. Bxe3 Nc4 42. Bc1 a5 43. bxa5 Nxa5 44. f4 Nc6 45. Kd3 Kf7 46. Ke4
b4 47. a4 b3 48. Bb2 Na5 49. Kd4 Kg6 50. Kc5 Nb7+ 51. Kb4 Kf7 52. a5 1-0

[Event "Ct. Catalunya Veterans"]
[Site "Barcelona"]
[Date "2014.05.17"]
[Round "1"]
[White "Mengual Jerez, A."]
[Black "Tejero Royo, F."]
[Result "0-1"]
[WhiteElo "1973"]
[BlackElo "2200"]
[PlyCount "49"]
[EventDate "2014.05.17"]
[EventType "swiss"]
[EventRounds "9"]
[EventCountry "ESP"]
[Source "Chessbase"]
[SourceDate "2014.06.06"]

1. d4 d5 2. Nf3 g6 3. g3 Bg7 4. Bg2 c5 5. c3 Nf6 6. O-O b6 7. Nbd2 O-O 8. Re1
Bb7 9. dxc5 bxc5 10. Qb3 Qc7 11. Nf1 Nbd7 12. Ng5 Rab8 13. Qc2 d4 14. Bf3 dxc3
15. bxc3 Bxf3 16. Nxf3 Nd5 17. Bd2 Ne5 18. Nxe5 Bxe5 19. e4 Nb6 20. Ne3 Qc6 21.
Ng4 Bg7 22. Bf4 Rb7 23. Rab1 h5 24. Ne5 Qe6 25. Nf3 0-1

[Event "Ct. Catalunya Veterans"]
[Site "Barcelona"]
[Date "2014.05.17"]
[Round "1"]
[White "Miquel Rodriguez, F."]
[Black "Bonell Mitjans, A."]
[Result "1/2-1/2"]
[WhiteElo "1985"]
[BlackElo "2216"]
[PlyCount "41"]
[EventDate "2014.05.17"]
[EventType "swiss"]
[EventRounds "9"]
[EventCountry "ESP"]
[Source "Chessbase"]
[SourceDate "2014.06.06"]

1. e4 e6 2. f4 d5 3. d3 c5 4. Nf3 Nc6 5. Be2 Be7 6. O-O Nf6 7. e5 Nd7 8. Be3
O-O 9. c3 f6 10. d4 Qb6 11. Qb3 Qxb3 12. axb3 cxd4 13. cxd4 Nb6 14. Nc3 Bd7 15.
Na2 Rfc8 16. Rfc1 Na5 17. Bd1 Rxc1 18. Rxc1 Rc8 19. Kf2 Bb5 20. Bd2 Nc6 21. Be2
1/2-1/2

[Event "Ct. Catalunya Veterans"]
[Site "Barcelona"]
[Date "2014.05.18"]
[Round "2"]
[White "Buxade Roca, G."]
[Black "Pera Lucas, E."]
[Result "1-0"]
[WhiteElo "2231"]
[BlackElo "2067"]
[PlyCount "74"]
[EventDate "2014.05.17"]
[EventType "swiss"]
[EventRounds "9"]
[EventCountry "ESP"]
[Source "Chessbase"]
[SourceDate "2014.06.06"]

1. e4 e5 2. Nc3 Nf6 3. g3 Nc6 4. Bg2 d6 5. Nge2 Bg4 6. f3 Bd7 7. d4 Qc8 8. O-O
Bh3 9. d5 Bxg2 10. Kxg2 Ne7 11. Be3 Ng6 12. Qd3 a6 13. Nd1 Be7 14. Nf2 Qd7 15.
c4 b6 16. Rh1 Nh5 17. Rag1 h6 18. h4 b5 19. Qc3 O-O 20. a3 f5 21. Bc1 Rf7 22.
cxb5 axb5 23. exf5 Rxf5 24. Ne4 Raf8 25. Rf1 Qd8 26. Qd3 Qd7 27. N2c3 Ngf4+ 28.
gxf4 Rxf4 29. Ne2 Rxh4 30. Rxh4 Bxh4 31. Rh1 Qe7 32. N2g3 Nf4+ 33. Bxf4 Rxf4
34. Qxb5 Qf7 35. Qd3 Kh8 36. Rh3 Qg6 37. a4 Rf8 1-0

[Event "Ct. Catalunya Veterans"]
[Site "Barcelona"]
[Date "2014.05.18"]
[Round "2"]
[White "Clotet Torrelles, R."]
[Black "Anguera Maestro, J."]
[Result "1/2-1/2"]
[WhiteElo "2105"]
[BlackElo "2263"]
[PlyCount "56"]
[EventDate "2014.05.17"]
[EventType "swiss"]
[EventRounds "9"]
[EventCountry "ESP"]
[Source "Chessbase"]
[SourceDate "2014.06.06"]

1. d4 d5 2. Bf4 e6 3. e3 Bd6 4. Bg3 Nf6 5. Nd2 Ne4 6. Nxe4 dxe4 7. Qg4 O-O 8.
Qxe4 f5 9. Qd3 Nd7 10. Nf3 Nf6 11. Nd2 Qe7 12. f4 b6 13. Be2 Bb7 14. Bf3 c5 15.
Bh4 cxd4 16. Qxd4 Rad8 17. Bxf6 gxf6 18. Qc4 Rfe8 19. O-O-O Kh8 20. h3 e5 21.
Bxb7 Qxb7 22. fxe5 Rxe5 23. Qh4 Qe7 24. Nf3 Rc5 25. Rhe1 Rdc8 26. Rd2 Ra5 27.
Kb1 Qe6 28. a4 Be7 1/2-1/2

[Event "Ct. Catalunya Veterans"]
[Site "Barcelona"]
[Date "2014.05.18"]
[Round "2"]
[White "Coll Enriquez, L."]
[Black "Lluverol Torrents, S."]
[Result "1-0"]
[WhiteElo "2288"]
[BlackElo "2089"]
[PlyCount "109"]
[EventDate "2014.05.17"]
[EventType "swiss"]
[EventRounds "9"]
[EventCountry "ESP"]
[Source "Chessbase"]
[SourceDate "2014.06.06"]

1. e4 c5 2. Nc3 Nc6 3. g3 g6 4. d3 Bg7 5. Bg2 d6 6. Be3 Rb8 7. Qd2 b5 8. f4 b4
9. Nd1 Bd7 10. Nf3 Nd4 11. O-O Nxf3+ 12. Bxf3 Bh3 13. Re1 Nf6 14. Nf2 Be6 15.
g4 h5 16. h3 Nd7 17. c3 hxg4 18. hxg4 bxc3 19. bxc3 Qb6 20. Rac1 Qa5 21. Rc2 f5
22. exf5 gxf5 23. g5 Bf7 24. Kg2 Nb6 25. Rb1 Kd7 26. Qc1 Nd5 27. Bd2 Qa4 28.
Kg3 e5 29. Rcb2 Rxb2 30. Qxb2 exf4+ 31. Kg2 Nb6 32. Qb5+ Qxb5 33. Rxb5 Be5 34.
c4 Bh5 35. a4 Bxf3+ 36. Kxf3 Nxa4 37. Rb7+ Ke6 38. Rxa7 Nc3 39. Rb7 Ra8 40. Rb3
Na2 41. Nh3 Rh8 42. Nxf4+ Bxf4 43. Bxf4 Nb4 44. d4 Rh3+ 45. Bg3 Rh1 46. d5+ Ke7
47. Re3+ Kd7 48. Re6 Nd3 49. Rxd6+ Ke7 50. Re6+ Kf7 51. Rf6+ Kg7 52. d6 Ne1+
53. Bxe1 Rxe1 54. Rxf5 Re8 55. Rxc5 1-0

[Event "Ct. Catalunya Veterans"]
[Site "Barcelona"]
[Date "2014.05.18"]
[Round "2"]
[White "Coll Sola, J."]
[Black "Matamoros Cepeda, A."]
[Result "1-0"]
[WhiteElo "2191"]
[BlackElo "1898"]
[PlyCount "71"]
[EventDate "2014.05.17"]
[EventType "swiss"]
[EventRounds "9"]
[EventCountry "ESP"]
[Source "Chessbase"]
[SourceDate "2014.06.06"]

1. e4 c5 2. Nf3 e6 3. d4 cxd4 4. Nxd4 Nf6 5. Nc3 a6 6. e5 Ng8 7. Be2 Ne7 8. O-O
Ng6 9. f4 Bc5 10. Ne4 Bxd4+ 11. Qxd4 O-O 12. Be3 Nc6 13. Qb6 Nce7 14. Qxd8 Rxd8
15. Bb6 Rf8 16. c4 f5 17. Nd6 Nc6 18. Rad1 Nge7 19. Rd2 h6 20. Rfd1 Kh7 21. Be3
Rd8 22. b3 Nb8 23. Bf3 Nbc6 24. Bb6 Rg8 25. Kh1 a5 26. g3 a4 27. b4 Nxb4 28.
Nxc8 Nec6 29. Nd6 Ra6 30. c5 a3 31. Nxb7 Ne7 32. Na5 Nec6 33. Nxc6 dxc6 34. Rd8
Ra8 35. Rxg8 Kxg8 36. Rd8+ 1-0